000 00369nam a2200145Ia 4500
008 210719s1994 xx 000 0 und d
041 _aeng
082 _a307.7 FERK
100 _aFERNANDIS (Praveen)
245 _aKaadu gollas.
260 _aMangalore.
_bUNESCO Co-Action Learning Centre.,
_c1994
300 _a35
_bPB
365 _cRs
650 _aTribal Communities
999 _c212366
_d212366